Trade unions

Guardado en:
Detalles Bibliográficos
Autor principal: Harman, Nicholas
Formato: Libro
Lenguaje:Undetermined
Publicado: London The Economist Newspaper Ltd. 1968
Materias:
Etiquetas: Agregar Etiqueta
Sin Etiquetas, Sea el primero en etiquetar este registro!
Thư viện lưu trữ: Trung tâm Học liệu Trường Đại học Cần Thơ
LEADER 00470nam a2200181Ia 4500
001 CTU_78769
008 210402s9999 xx 000 0 und d
082 |a 331.88 
082 |b H287 
100 |a Harman, Nicholas 
245 0 |a Trade unions 
245 0 |c Nicholas Harman 
260 |a London 
260 |b The Economist Newspaper Ltd. 
260 |c 1968 
650 |a Labor unions 
650 |z Great Britain 
980 |a Trung tâm Học liệu Trường Đại học Cần Thơ